| 000 | 00852nmm a2200277 a 4500 | ||
|---|---|---|---|
| 001 | ocm0001061840 | ||
| 003 | TR-IsHL | ||
| 005 | 20201028151020.0 | ||
| 008 | 150701s2014 tu tur | ||
| 007 | cr cn | ||
| 020 | _a9786054447930 | ||
| 035 |
_a1061840 _b(N$T) |
||
| 050 | 0 | 4 |
_aPL248.A572 _bÇ59 2014 |
| 090 | 0 | 4 |
_aPL248.A572 _bÇ59 2014 |
| 100 | 1 | _aAltan, Mehtap | |
| 245 | 1 | 0 |
_aÇivi _h[electronic resource] / _cMehtap Altan ; editör Leyla Karaca |
| 260 |
_aİstanbul : _bFerfir Yayınları, _c2014 |
||
| 300 | _a97 p. | ||
| 650 | 4 | _aDil ve Edebiyat | |
| 650 | 4 | _aLanguage and Literature | |
| 650 | 0 | _aTürk şiiri | |
| 650 | 0 | _aTurkish poetry | |
| 650 | 7 |
_aPOETRY / Middle Eastern _2bisacsh |
|
| 700 | 1 | _aKaraca, Leyla | |
| 856 | 4 | 0 | _uhttp://search.ebscohost.com/login.aspx?direct=true&scope=site&db=e011xww&AN=1061840 |
| 999 |
_c10787 _d10787 |
||